|
|
|
|
| LEADER |
00655cam a2200217ua 4500 |
| 008 |
060815t1997||||||||||| 00 ||eng c |
| 020 |
|
|
|a 81-259-0188-4
|
| 041 |
0 |
|
|a eng
|
| 082 |
|
|
|a 516.23
|b QAZ/S
|
| 100 |
0 |
|
|a Zameeruddin,, Qazi.
|
| 245 |
1 |
0 |
|a Solid geometry:(analytical geometry of three dimensions) /
|
| 250 |
|
|
|a 1st.
|
| 260 |
|
|
|a N.Delhi:
|b Vikas.,
|c 1997.
|
| 300 |
|
|
|a xiv,479p..
|
| 362 |
1 |
|
|a 1997.
|
| 365 |
|
|
|a Rs.110.00
|e pb.
|
| 650 |
|
|
|a Euclidean Gemetry
|
| 650 |
0 |
|
|a Mathematics
|
| 942 |
|
|
|c BK
|
| 999 |
|
|
|c 4114
|d 4114
|
| 952 |
|
|
|0 0
|1 0
|4 0
|6 516_230000000000000_QAZ
|7 0
|9 4289
|a KUCL
|b KUCL
|d 2014-05-23
|l 0
|o 516.23 QAZ/
|p 07263
|r 2014-05-23
|w 2014-05-23
|y BK
|